000 01221 a2200217 4500
001 47327
005 20260407155741.0
008 260407a1998 arg spa d
003 AR-UNSa-BCEJYS
040 _aAR-UNSa-BCEJYS
_bspa
_cAR-UNSa-BCEJYS
080 _a330(82)
_xEconomia Argentina
245 1 0 _aEl capitalismo argentino
020 _a950-557-246-8
264 1 _aMéxico :
_bFondo de Cultura Económica
_c1998
300 _a140 p.
_c17 cm.
505 _aPrimera Parte: Desarrollo y subdesarrollo en el mundo global: 1. El sistema internacional - 2. El sendero del desarrollo - Segunda Parte: La trayectoria del capitalismo argentino: 3. La economía primario-exportadora (1860-1930) - 4. La industrialización sustitutiva de importaciones (1930-1975) - 5. La crisis económica y la reconstrucción democrática (1976-1989) - 6. Las reformas del gobierno de Menem - Tercera Parte: Las perspectivas: 7. El capitalismo argentino a finales del siglo XX - 8. Otro capitalismo necesario y posible - 9. El Mercosur -
942 _cBK
590 _aniveau_biblio:m niveau_hierar:0
100 1 _aFerrer, Aldo
856 4 1 _uhttps://www.biblioeco.unsa.edu.ar/pmb/images/libros/L127476.jpg
_yImagen de portada
_qimage/jpeg
999 _c4341
_d4341